00850 2200277 4500001002100000005001500021035002000036007000300056008004100059020002200100082001000122084001600132100003100148245013000179250001000309260004100319300003000360500006700390650002100457700001900478700001900497700002000516990001200536990001200548990001200560INLIS00000000000621520210126111446 a0010-0121000005ta210126 f 0 ind  a978-979-592-619-1 a297.9 a297.9 ALI b0 aALI, Muhammad Ash-Shallabi1 aBiografi Abu Bakar Ash-Shiddiq /cAli Muhammad Ash-Shallabi; penerjemah, Masturi Irham, Muhammad Aniq; editor, Muhammad Yasir acet.3 aJakarta :bPustaka Al-kautsar,c2017 axviii, 690 hal. ;c25 cm. aJudul asli : Abu Bakar Ash-Shiddiq; Syakhshiyatuhu Wa 'Ashruhu 4aISLAM - BIOGRAFI0 aMASTURI, Irham0 aMUHAMMAD, Aniq0 aMUHAMMAD, Yasir a16554 A a16554 B a16554 c